000
00319 a2200157 4500
001
181633
020
_a
040
_c
Magnum
100
_a
Brunelli, Remo L.
240
1
0
_a
Matematica/v.2
_l
por
245
1
0
_a
Matematica/v.2
362
0
_a
1899
440
1
_a
Loyola
697
_a
MAGNITO: PARADIDATICO
942
_c
BK
999
_c
181633
_d
181633